000 00328nam a2200145Ia 4500
008 230312s9999||||xx |||||||||||||| ||und||
020 _a1-4027-5384-8
082 _a720.19
_bDAV-H
100 _aDavitt;Keith
245 0 _aHardscaping
260 _bSterling
_aUK
_c2006
300 _a255
650 _aArchitecture
942 _cBK
999 _c11772
_d11772